000
00329nam a22001457a 4500
008
230418b ||||| |||| 00| 0 eng d
020
_a
9781598572322
041
_a
eng
080
_2
FIFTH EDITION
_a
37
082
_a
37WEH
100
_a
24
101
_a
EDU
245
_a
LIFE BEYOND THE CLASSROOM
_c
WEHMAN P
942
_2
udc
_c
BK
999
_c
59589
_d
59589